Natural rubber silica composite: In-situ formation (Record no. 50972)

MARC details
000 -LEADER
fixed length control field 00423nam a2200169Ia 4500
100 ## - MAIN ENTRY--AUTHOR NAME
Personal name Claramma N M
245 #0 - TITLE STATEMENT
Title Natural rubber silica composite: In-situ formation
260 ## - PUBLICATION, DISTRIBUTION, ETC. (IMPRINT)
Name of publisher Indian Rubber Journal
Year of publication 2006
300 ## - PHYSICAL DESCRIPTION
Number of Pages 80-82
650 ## - SUBJECT ADDED ENTRY--TOPICAL TERM
Topical Term Natural rubber
650 ## - SUBJECT ADDED ENTRY--TOPICAL TERM
Topical Term Reinforcement
650 ## - SUBJECT ADDED ENTRY--TOPICAL TERM
Topical Term Silica
700 ## - ADDED ENTRY--PERSONAL NAME
Personal name Alex R
700 ## - ADDED ENTRY--PERSONAL NAME
Personal name Mathew N M
942 ## - ADDED ENTRY ELEMENTS (KOHA)
Koha item type Bibliography STAF
Holdings
Withdrawn status Lost status Damaged status Not for loan Home library Current library Shelving location Date acquired Serial Enumeration / chronology Koha item type
      Bibliography RRII Library RRII Library Rubber chemistry 09/04/2014 Volume 97, Issue April Bibliography STAF